| 000 | 00637nam a22001937a 4500 | ||
|---|---|---|---|
| 999 |
_c60838 _d60838 |
||
| 005 | 20251219194506.0 | ||
| 008 | 231103s2023 enk||||| |||| 00| 0 eng d | ||
| 020 | _a9780194905169x | ||
| 041 | _aeng | ||
| 080 | _a811.111.1 F-88 | ||
| 100 |
_aFreire, Robert _920279 |
||
| 245 |
_aQ: Skills for Success: Level 4: _bListening and Speaking / _cRobert Freire, Tamara Jones. |
||
| 250 | _aThird Edition | ||
| 264 |
_aOxford : _bOxford University Press, _c2023. |
||
| 300 |
_a206 p.: _bill.; _c26 cm. |
||
| 653 | _aინგლისური ენა | ||
| 700 |
_aJones, Tamara _eავტორი _920280 |
||
| 942 |
_2udc _cᲬᲘᲒᲜᲘ |
||